| 000 | 00523nab a2200157Ia 4500 | ||
|---|---|---|---|
| 003 | ES-SlBCS | ||
| 005 | 20210601125305.0 | ||
| 008 | 140529s2000 xxu||||| |||| 00| 0 eng d | ||
| 041 | _aeng | ||
| 100 | 1 |
_aRea, Michael C. _9133124 |
|
| 245 | 0 | 0 |
_aPersonal Identity and Psychological Continuity _c Michael C. Rea, David Silver |
| 650 | 0 | 4 |
_aIdentidad Personal-Psicología _9156379 |
| 700 | 1 |
_aSilver, David _9156380 |
|
| 773 | 0 |
_tPhilosophy and Phenomenological Research _gvol. 61, 2000, págs. 185-197 _wRev1411 |
|
| 942 | _cAR | ||
| 999 |
_c527927 _d527927 |
||